|
|
|
|
| LEADER |
00000nab a2200000 a 4500 |
| 001 |
vtls000924673 |
| 003 |
SK-MaSNL |
| 005 |
20260319073807.0 |
| 008 |
040720e19980507xo 0 hun |
| 035 |
|
|
|a KE33550
|
| 040 |
|
|
|a KEVKJB
|b slo
|c KEVKJB
|e AACR2
|
| 041 |
1 |
|
|h slo
|
| 044 |
|
|
|a xo
|c SK
|
| 080 |
|
|
|a 792.071
|2 1981
|
| 100 |
1 |
|
|a Csendes, László
|4 aut
|9 894357
|
| 245 |
1 |
0 |
|a "Az a fontos, hogyan tesszünk"
|b Kassai beszélgetés Csendes László színmüvésszel
|
| 590 |
|
|
|a Csendes László 1944-,
|b maďarský herec
|
| 600 |
0 |
7 |
|a Csendes, László,
|d 1944-,
|2 KEVKJB
|9 894356
|
| 650 |
0 |
7 |
|a pôsobenie
|2 KEVKJB
|9 877655
|
| 650 |
0 |
7 |
|a rozhovory
|2 KEVKJB
|9 453585
|
| 651 |
|
7 |
|a Košice (Slovensko)
|2 KEVKJB
|9 18694
|
| 651 |
|
7 |
|a KE,
|2 KEVKJB
|9 877256
|
| 655 |
|
7 |
|a periodikum
|2 snkbucl
|9 29553
|
| 773 |
0 |
8 |
|t Új Szó
|g Roč. 51
|g Roč. 28, č.104, 7.5.1998, s. 9
|
| 852 |
|
|
|a ZVYKNI
|b KIS3GCP
|
| 999 |
|
|
|c 1670592
|d 1672522
|